Responses for Show #8563 - Wednesday, January 26, 2022

Amy Schneider game 41.
Rhone Talsma ends Amy's streak.

Contestants

[<< previous game]

Rhone Talsma, a librarian from Chicago, Illinois

Janice Hawthorne Timm, a music educator and choral director from Ukiah, California

Amy Schneider, an engineering manager from Oakland, California (whose 40-day cash winnings total $1,382,800)

[next game >>]

Jeopardy! Round responses

THE CAROLINAS
CREATURE COMFORTS
CEREAL
HOMOPHONES
10 OF A KIND
CONFERENCE CHAMPIONSHIP HEROES
(James Brown: From the NFL Today team, some clues about the conference championship heroes who got their teams to the Super Bowl.)
    $200 16
the Tar Heel State

Amy
    $200 26
bamboo

Janice
    $200 2
Wheaties

Rhone
    $200 7
to dye/die

Amy
    $200 21
(Amy: What is the Most Wanted list? [*]?)

Ten Most Wanted

Amy
    $200 1
Tom Brady

Janice
    $400 17
cardinal

Rhone
    $400 27
a waterbed

Rhone
    $400 4
oats

Rhone
    $400 10
ore/oar

Amy
    $400 22
(1 of) Exodus or Deuteronomy

Janice
    $400 8
(Peyton) Manning

Amy
    $600 3
Blue Ridge Mountains

Janice
    $600 28
lemurs

Amy
    $600 18
Rice Krispies

Janice
    $600 13
meat/meet

Amy
    $600 23
Bo Derek

Amy
    $600 9
the Bears

Rhone
    $800 5
Columbia & Raleigh

Rhone
    $800 29
wallow (wallowing)

Amy
    $800 19
Life

Amy
    $800 14
steel/steal

Amy
    $800 24
Rorschach test

Amy
    $800 11
Elway

Amy
    $1,400 6
(Rhone: [Sighs] What is Fort Smith?)

Fort Bragg

Rhone
    $1000 30
the cleaner wrasse

Triple Stumper
    $1000 20
Apple Jacks

Rhone
    $1000 15
gin/Jinn

Rhone
    $1000 25
(Dalton) Trumbo

Amy
    $1000 12
(Amy: Who is Namath?)
...
(Ken: Our thanks to the NFL Today team for that category; you can catch them this Sunday as they cover the AFC Conference Championship Game on CBS.)

Johnny Unitas

Amy
Triple Stumper

Scores at the first commercial break (after clue 15):

Amy Janice Rhone
$2,200 $800 $1,600

Scores at the end of the Jeopardy! Round:

Amy Janice Rhone
$7,200 $2,000 $3,400

Double Jeopardy! Round responses

THAT 1770s SHOW
BOOK BINDINGS
OMG!
ALPHABET SOUP
CELEBS WHO APPEARED ON KIDS' TV
E BEFORE I
    $400 27
(Janice: What is the U.S. Navy?)

the Marine Corps

JaniceRhone
    $400 10
War

Janice
    $400 30
the Maori

Amy
    $400 29
Cyrillic

Amy
    $400 2
(Rhone: What is [*] the Dinosaur?)

Barney (Barney & Friends)

Rhone
    $400 1
a freighter

Amy
    $800 26
de Sade

Amy
    $800 11
Travels

Rhone
    $800 28
a sea serpent

Triple Stumper
    $800 19
(Rhone: What is Ionian?)

Ionic

Rhone
Triple Stumper
    $800 6
The Mickey Mouse Club

Amy
    $800 15
Rottweilers

Rhone
    $1200 3
the Old North Church

Amy
    $1200 12
Girl

Janice
    $7,800 23
the Furies

Rhone
    $1200 20
Hebrew

Rhone
    $1200 7
Leonardo DiCaprio

Triple Stumper
    $1200 16
(Amy: What is conceit? [*]?)

conceited

Amy
    $1600 4
Sweden

Amy
    $1600 13
Rose

Janice
    $1600 24
Thor

Rhone
    $1600 21
India

Amy
    $1600 8
(Janice: Who is Demi Moore?)

Jennifer Love Hewitt

Janice
Triple Stumper
    $1600 17
meiosis

Triple Stumper
    $4,000 5
(Ken: That's The American Crisis, by [*].)

(Thomas) Paine

Amy
    $2000 14
King

Amy
    $2000 25
Seth

Amy
    $2000 22
the Korean alphabet

Rhone
    $2000 9
an Afterschool Special

Amy
    $2000 18
heinous

Amy

Scores at the end of the Double Jeopardy! Round:

Amy Janice Rhone
$27,600 $3,200 $17,600

[wagering suggestions for these scores]

Final Jeopardy! Round responses

COUNTRIES OF THE WORLD
(Ken: Amy Schneider, congratulations. What a run. Thank you for the two months you spent with us. It was very special, it was remarkable. We'll be seeing you again in the Tournament of Champions.)
JaniceWhat is Syry?
$500
RhoneWhat is Bangladesh?
$12,000
AmyWhat is ?
$8,000
Bangladesh

Final scores:

Amy Janice Rhone
$19,600 $2,700 $29,600
2nd place: $2,000 3rd place: $1,000 New champion: $29,600

Game dynamics:

Coryat scores:

Amy Janice Rhone
$25,600 $3,200 $12,400
28 R
(including 1 DD),
1 W
8 R,
2 W
16 R
(including 1 DD),
2 W
(including 1 DD)

Combined Coryat: $41,200

[game clues] [game scores] [suggest correction]

Game tape date: 2021-11-09
The J! Archive is created by fans, for fans. Scraping, republication, monetization, and malicious use prohibited; this site may use cookies and collect identifying information. See terms. The Jeopardy! game show and all elements thereof, including but not limited to copyright and trademark thereto, are the property of Jeopardy Productions, Inc. and are protected under law. This website is not affiliated with, sponsored by, or operated by Jeopardy Productions, Inc. Join the discussion at JBoard.tv.